Premier League POTY Since 2010 - Statistics

General Stats
  • This quiz has been taken 13 times
  • The average score is 9 of 15
Answer Stats
Hint Answer % Correct
2024/2025 Mohamed Salah
100%
2017/2018 Mohamed Salah
100%
2022/2023 Erling Haaland
92%
2021/2022 Kevin De Bruyne
92%
2019/2020 Kevin De Bruyne
92%
2014/2015 Eden Hazard
75%
2023/2024 Phil Foden
75%
2018/2019 Virgil Van Dijk
67%
2015/2016 Jamie Vardy
58%
2013/2014 Luis Suarez
50%
2016/2017 N'Golo Kanté
50%
2020/2021 Ruben Dias
42%
2012/2013 Gareth Bale
33%
2010/2011 Nemanja Vidic
8%
2011/2012 Vincent Kompany
0%
No matching quizzes found
Score Distribution
Percent of People with Each Score
Percentile by Number Answered
Your Score History
You have not taken this quiz